| 000 | 00500nam a2200217Ia 4500 | ||
|---|---|---|---|
| 008 | 210210b1962 xxu||||| |||| 00| 0 eng d | ||
| 041 | _aeng | ||
| 082 | _a821/319 | ||
| 100 | _aJOHNSON (Brimley) | ||
| 245 | _aOne hundred poems of Kabir: Tagore Ed | ||
| 260 |
_aLondon _bMacmillan & Co. Ltd. _c1962 |
||
| 650 | _aTagore | ||
| 650 | _apoems | ||
| 650 | _aOne | ||
| 650 | _aof | ||
| 650 | _aKabir: | ||
| 650 | _ahundred | ||
| 650 | _aEd | ||
| 690 | _aEnglish Literature | ||
| 906 | _a011489 | ||
| 999 |
_c130166 _d130166 |
||